00552nam a22001697a 450000500170000001000130001702000260003003500120005603700130006808200080008110000290008924500640011824600480018226000400023027000850027030000270035520230123113513.0 aUR-11851 a9789380395876c120.00 aU-10406 bDBAD/PUB a844 aنزیر فتح پوری aمیں اور میرے خواب /cنزیر فتح پوری aMain aur mere khwaab /bby Nazeer Fatehpuri aPunebAsbaque Publicationsc2022 ء aSaira Manzil, 230/B/102, Viman Darshan, Sanjay Park, Lohgaon RoadbPunee4110232 a128 صc22cm(pbk)